000 00484nam a2200217Ia 4500
001 104807
003 YMCAF
005 20230512162219.0
008 100717s2007 ||||||||||||||||| ||und|d
024 _a104807
035 _aMB142
040 _aYMCAF
_beng
_cIN-KoLT
041 _aeng
082 _a658.81
_bKAP
100 _aKapoor, Ramneek
245 0 _aFundamentals sales management
260 _bMacMillan
_c2007
300 _a336
653 _aMANAGEMENT
942 _2ddc
_cBK
999 _c10847
_d10847